00925nam a2200277Ia 450000500170000000800410001702000180005802000150007610000280009124500420011925000180016130000250017949000350020450000210023950000520026065000380031265000420035065000360039265000570042826400280048533600270051333700330054033800280057304000350060108400110063620220317001856.0170410s2014 c g 000 f s  a9789584239891 a95842398991 aSerrano, Enriqued1960-10aDonde no te conozcancEnrique Serrano a1a. edición a345 páginasc23 cm aSeix Barral : biblioteca breve aIncluye glosario aIncluye datos biográficos del autor en solapa142LEMBaNovela colombianaySiglo XX142LEMBaLiteratura colombianaySiglo XX142LEMBaJudíos en la literatura142LEMBaPersecuciones de los judíos en la literatura aBogotábPlanetac2014 atextobtxt2rdacontent asin mediaciónbn2rdamedia avolumenbnc2rdacarrier aCO-BoRNBPbspaerdacCO-BoRNBP aN SER4